Online
Catalog

Química orgánica / (Record no. 21151)

MARC details
000 -CABECERA
campo de control de longitud fija 00890nam a2200253 a 4500
001 - NÚMERO DE CONTROL
campo de control 000021652
005 - FECHA Y HORA DE LA ÚLTIMA TRANSACCIÓN
campo de control 20200930011411.0
008 - DATOS DE LONGITUD FIJA--INFORMACIÓN GENERAL
campo de control de longitud fija 100909s1993 mx ad 001 0 spa d
020 ## - NÚMERO INTERNACIONAL ESTÁNDAR DEL LIBRO
Número Internacional Estándar del Libro 968880245X
040 ## - FUENTE DE LA CATALOGACIÓN
Centro catalogador/agencia de origen DO-SdBNP
Lengua de catalogación spa
Centro/agencia transcriptor BNPHU
082 ## - NÚMERO DE LA CLASIFICACIÓN DECIMAL DEWEY
Número de clasificación 547
Número de documento/Ítem W119q, 1993
049 ## - FONDOS LOCALES (OCLC)
Fondos de biblioteca BNGR
100 1# - ENTRADA PRINCIPAL--NOMBRE DE PERSONA
Nombre de persona Wade, L. G.
Fechas asociadas al nombre 1947-
9 (RLIN) 45048
245 10 - MENCIÓN DE TÍTULO
Título Química orgánica /
Mención de responsabilidad, etc. L. G. Wade Jr. ; traducción de Virgilio González Pozo ; revisión técnica María del Carmen Doria Serrano.
250 ## - MENCIÓN DE EDICIÓN
Mención de edición 2a ed.
260 ## - PUBLICACIÓN, DISTRIBUCIÓN, ETC.
Lugar de publicación, distribución, etc. México :
Nombre del editor, distribuidor, etc. prentice-Hall Hispanoamericana,
Fecha de publicación, distribución, etc. 1993.
300 ## - DESCRIPCIÓN FÍSICA
Extensión xxxi, 1312 p. :
Otras características físicas il., diag. ;
Dimensiones 26 cm.
500 ## - NOTA GENERAL
Nota general Incluye índice alfabético.
650 #4 - PUNTO DE ACCESO ADICIONAL DE MATERIA--TÉRMINO DE MATERIA
Término de materia o nombre geográfico como elemento de entrada Química orgánica
9 (RLIN) 15418
650 #4 - PUNTO DE ACCESO ADICIONAL DE MATERIA--TÉRMINO DE MATERIA
Término de materia o nombre geográfico como elemento de entrada Química orgánica
Subdivisión de forma PROBLEMAS, EJERCICIOS, ETC.
9 (RLIN) 45049
700 1# - PUNTO DE ACCESO ADICIONAL--NOMBRE DE PERSONA
Nombre de persona González Pozo, Virgilio,
Término indicativo de función/relación tr.
9 (RLIN) 45050
700 1# - PUNTO DE ACCESO ADICIONAL--NOMBRE DE PERSONA
Nombre de persona Doria Serrano, María Del
9 (RLIN) 45051
910 ## - DATOS DE OPCIÓN DEL USUARIO (OCLC)
Datos de opción del usuario WM
Holdings
Estado de retiro Estado de pérdida Restricciones de uso No para préstamo Código de colección Localización permanente Ubicación/localización actual Ubicación en estantería Fecha de adquisición Número de inventario Total de préstamos Signatura topográfica completa Código de barras Fecha visto por última vez Precio válido a partir de Tipo de ítem Koha
        Monografías: Libros y Folletos General General Depósito 09.09.2010 LF1   547 W119q, 1993 21652-10 25.06.2020 25.06.2020 Préstamo en sala

Powered by Koha